Statistiques concernant Onze de départ du FC Barcelone des années 2010

Cliquez ici pour prendre le quiz!

Statistiques générales

  • Ce quiz a été pris 319 fois
  • Le résultat moyen est 21 sur 31

Statistiques - réponses

Joueur% Correct
Lionel Messi
96%
Neymar
94%
Andrés Iniesta
85%
Ivan Rakitic
84%
Luis Suarez
84%
Xavi
84%
Victor Valdés
81%
Dani Alves
80%
Gérard Piqué
80%
Sergio Busquets
78%
Carles Puyol
77%
Marc-André ter Stegen
77%
Samuel Umtiti
77%
Javier Mascherano
76%
Jordi Alba
76%
Claudio Bravo
72%
Arturo Vidal
71%
Alexis Sanchez
70%
David Villa
70%
Zlatan Ibrahimović
70%
Eric Abidal
66%
Pedro
66%
Clément Lenglet
63%
Sergi Roberto
59%
Seydou Keita
47%
André Gomes
41%
Paulinho
36%
Cesc Fabregas
35%
Philippe Coutinho
34%
Maxwell
33%
Adriano
25%

Distribution des résultats

Percentile par nombre de réponses

% des personnes avec chaque résultat

Votre développement - résultats

Vous n’avez pas pris ce quiz